| Tag |
First Indicator |
Second Indicator |
Subfields |
| LEADER |
00000cam a2200000 4500 |
| 001 |
in00000031613 |
| 005 |
20151007061737.0 |
| 008 |
750501s1963 nyua 00000 eng u |
| 010 |
|
|
|a 63015870
|
| 035 |
|
|
|a (OCoLC)01306983
|
| 035 |
|
|
|9 AAD2931AM
|
| 040 |
|
|
|c ORL
|d TXA
|d UtOrBLW
|
| 049 |
|
|
|a TXAM
|c [362889]
|
| 050 |
0 |
0 |
|a PS3515.A728
|b Z5
|
| 082 |
0 |
|
|a 818.52
|
| 092 |
|
|
|a 818
|b H313n
|
| 100 |
1 |
|
|a Harris, Cyril,
|d 1891-1968.
|
| 245 |
1 |
0 |
|a Northern exposure ;
|b a Nova Scotia boyhood /
|c Illustrated by Leonard Vosburgh.
|
| 250 |
|
|
|a [1st ed.].
|
| 264 |
|
1 |
|a New York :
|b Norton,
|c [1963]
|
| 300 |
|
|
|a 234 pages :
|b illustrations ;
|c 22 cm.
|
| 336 |
|
|
|a text
|b txt
|2 rdacontent
|
| 337 |
|
|
|a unmediated
|b n
|2 rdamedia
|
| 338 |
|
|
|a volume
|b nc
|2 rdacarrier
|
| 999 |
|
|
|a MARS
|
| 999 |
f |
f |
|s b091369b-b4fd-3166-98e0-895f0c6196de
|i 8d7265a8-488c-32d8-bbd1-88740ea2ae0f
|t 0
|
| 952 |
f |
f |
|p ric
|a Texas A&M University
|b Rellis Campus
|c Joint Library Facility
|d Remote Storage
|t 0
|e PS3515.A728 Z5
|h Library of Congress classification
|i unmediated -- volume
|m A14801264387
|
| 998 |
f |
f |
|a PS3515.A728 Z5
|t 0
|l Remote Storage
|